GUINNESS WORLD RECORDS 2015 (Record no. 23843)

MARC details
000 -LEADER
fixed length control field 00351nam a2200133Ia 4500
008 - FIXED-LENGTH DATA ELEMENTS--GENERAL INFORMATION
fixed length control field 240624s9999 xx 000 0 und d
041 ## - LANGUAGE CODE
Language code of text/sound track or separate title eng
082 ## - DEWEY DECIMAL CLASSIFICATION NUMBER
Classification number 828 GWR
100 ## - MAIN ENTRY--PERSONAL NAME
Personal name GUINNESS WORLD RECORD
245 ## - TITLE STATEMENT
Title GUINNESS WORLD RECORDS 2015
260 ## - PUBLICATION, DISTRIBUTION, ETC.
Date of publication, distribution, etc. 2015
Place of publication, distribution, etc. UK
Name of publisher, distributor, etc. Guinness World Records Limited
300 ## - PHYSICAL DESCRIPTION
Extent 255 : p. : cm. ; 29
365 ## - TRADE PRICE
Currency code GBP
Price amount 25
Holdings
Withdrawn status Lost status Damaged status Not for loan Home library Current library Shelving location Date acquired Source of acquisition Cost, normal purchase price Total Checkouts Full call number Barcode Date last seen Date last checked out Copy number Price effective from Koha item type
        IMTN IMTN Rack 42-A 11/13/2014 WBD 20.00 1 828 GWR 23843 10/16/2025 10/07/2025 105.1 06/24/2024 Books
Designed & Maintained by: LRC IMT Nagpur Contact: lrc@imtnag.ac.in© 2024. All Rights Reserved.